00547nam a22002177a 450000500170000001000110001702000100002803500110003803700160004904000120006508200170007710000150009424500450010926000350015427000130018930000260020249000310022850000190025965000370027865000140031520170124110111.0 a510677 c09.00 a510677 bCen Lib/Ret aDPLbEN a915.452bBOS aBose, S.C. aGeography of West Bengal /cby S.C. Bose aNew DelhibNational Bookc1968 bNew Dehi a185p.c22cm(HB)bill. aIndia- The land and people aIncludes Index aWest Bengal (India) -- Geography aGeography